Silk Road Cities on a Map - Statistics

General Stats
  • This quiz has been taken 1,177 times
    340 since last reset
  • The average score is 9 of 15
Answers on the Map
Answers color-coded by a green-red scale on the quiz's map according to % correct below.
 
Answer Stats
City % Correct
ROME
98%
ALEXANDRIA
89%
DAMASCUS
82%
MUSCAT
81%
CONSTANTINOPLE
77%
GUANGZHOU
73%
MOGADISHU
73%
ADEN
62%
SAMARKAND
60%
MOMBASA
54%
BUKHARA
36%
TYRE
35%
KOCHI
34%
ANTIOCH
29%
MERV
16%
No matching quizzes found
Score Distribution
Percent of People with Each Score
Percentile by Number Answered
Your Score History
You have not taken this quiz since the last reset